LEADER 04654nam 2200613 450 001 9910464193303321 005 20200520144314.0 010 $a1-4698-2720-4 010 $a1-4698-2257-1 035 $a(CKB)3460000000122760 035 $a(EBL)3417855 035 $a(SSID)ssj0000855447 035 $a(PQKBManifestationID)12385177 035 $a(PQKBTitleCode)TC0000855447 035 $a(PQKBWorkID)10913172 035 $a(PQKB)10768918 035 $a(MiAaPQ)EBC3417855 035 $a(MiAaPQ)EBC2031782 035 $a(Au-PeEL)EBL3417855 035 $a(CaPaEBR)ebr10823468 035 $a(OCoLC)923522426 035 $a(EXLCZ)993460000000122760 100 $a20120927h20132013 uy| 0 101 0 $aeng 135 $aur|n|---||||| 181 $ctxt 182 $cc 183 $acr 200 10$aShnider and Levinson's anesthesia for obstetrics /$fMaya S. Suresh [and five others] 205 $aFifth edition /$beditor, Maya Suresh ; associate editors, Roshan Fernando [and others]. 210 1$aPhiladelphia :$cWolters Kluwer Health/Lippincott Williams & Wilkins Health,$d[2013] 210 4$d©2013 215 $a1 online resource (879 p.) 300 $aDescription based upon print version of record. 311 $a1-4511-1435-4 320 $aIncludes bibliographical references and index. 327 $asection I. Physiology and pharmacology -- section II. ASsessment of the fetus -- section III. Anagesia and anesthesia for labor and vaginal delivery -- section IV. Anestesia for cesarean delivery: managemnt of postoperative and postartum issues -- section V. Neonatal well-being: old and new concepts -- section VI. Anesthetic considerations and management of obstetric complications -- section VII. Risks, strategies and management of anesthetic complications -- section VIII. Anesthetic management of the parturient with coexisting disorders -- section IX. Ethical, medical, and social challenges and issues -- section X. Maternal safety, morbidity, and mortality -- section XI. Anesthetic considerations for reproductive, in-utero and non-obstetric procedures. 330 $aNow in a fully updated Fifth Edition, Shnider and Levinson's Anesthesia for Obstetrics, continues to provide the comprehensive coverage that has made it the leading reference in the field. The rising number of Cesarean births and the more advanced age of first-time mothers in the United States have brought with them an increased risk for complications, making the role of the obstetric anesthesiologist increasingly important. Inside you'll explore ... Maternal and Fetal Physiology builds your understanding of placental transfer of drugs. Fetal Assessment covers the basics of antenatal assessment and intrapartum monitoring. Anesthesia and Analgesia addresses the anesthetic considerations of vaginal and Cesarean delivery. Neonatal Well-Being--including neonatal resuscitation and neonatal injury. Management of Obstetric Complications helps minimize the risks posed by abnormal positioning, intrapartum fever, and antepartum and postpartum hemorrhage. Management of Anesthetic Complications addresses the special problems related to obstetric anesthesia, including embolic events and intubation problems. Management of the Parturient with Coexisting Disorders prepares you for the special challenges faced when treating mothers with hypertensive, respiratory, endocrine, neurologic, or other disorders. Difficult and Failed Intubation: Strategies, Prevention, and Management of Airway-Related Catastrophes addresses the airway related maternal mortality, predictors of difficult airway and strategies to manage the unanticipated difficult airway as well as the critical airway with increasing hyoxemia. NEW to the Fifth Edition ... New editorial teamew full-color format. New sections on Assessment of the Fetus; Anesthesia for Cesarean Delivery; Neonatal Well-Being: Old and New Concepts; Ethical, Medical, and Social Challenges and Issues; Maternal Safety, Difficult and Failed Intubation, Morbidity, and Mortality; and Anesthetic Considerations for Reproductive, In-Utero, and Non-Obstetric Procedures"--Provided by publisher. 606 $aAnesthesia in obstetrics 606 $aAnesthesia 606 $aObstetrics 608 $aElectronic books. 615 0$aAnesthesia in obstetrics. 615 0$aAnesthesia. 615 0$aObstetrics. 676 $a617.9/682 700 $aSuresh$b Maya$0951887 801 0$bMiAaPQ 801 1$bMiAaPQ 801 2$bMiAaPQ 906 $aBOOK 912 $a9910464193303321 996 $aShnider and Levinson's anesthesia for obstetrics$92151796 997 $aUNINA LEADER 02598 am 2200481 n 450 001 9910496011803321 005 20201202 010 $a2-35412-396-5 024 7 $a10.4000/books.pupvd.27499 035 $a(CKB)4100000011966005 035 $a(FrMaCLE)OB-pupvd-27499 035 $a(oapen)https://directory.doabooks.org/handle/20.500.12854/86631 035 $a(PPN)256363587 035 $a(EXLCZ)994100000011966005 100 $a20210628j|||||||| ||| 0 101 0 $afre 135 $auu||||||m|||| 181 $ctxt$2rdacontent 182 $cc$2rdamedia 183 $acr$2rdacarrier 200 10$aDu « Migrant nu » au citoyen différé $e« Présence-histoire » des Noirs en Amérique latine, discours et représentations /$fVictorien Lavou Zoungbo 210 $aPerpignan $cPresses universitaires de Perpignan$d2020 215 $a1 online resource (301 p.) 225 1 $aÉtudes 311 $a2-914518-30-7 330 $aCe livre de Victorien Lavou Zoungbo constitue une tentative d?articulation de ses travaux autour de la « présence-histoire » des Noirs en Amérique Latine. Il y met particulièrement en exergue les rapports contradictoires des imaginaires sociaux latino-américains aux Noirs. Ces derniers, bien que rendus invisibles ou vécus comme tels par cette structure d?aliénation dont parlait Frantz Fanon, ne cessent cependant pas de fonctionner comme un commutateur d?identités aussi bien individuelles ou collectives que locales, régionales ou nationales. Le livre insiste aussi sur le devenir-sujet des Noirs en Amérique Latine. Il s?agit là d?un processus qui s?est renforcé considérablement à partir de la décennie 1990, suite à des décisions politiques, comme en Colombie, mais surtout du fait même de la mobilisation publique des Noirs. Cela a fatalement conduit à des repositionnements identitaires mais a aussi entraîné une redéfinition de certaines catégories et de certains présupposés, surtout anthropologiques, qui ont servi (et servent encore) à dire le parcours historique des Noirs en Amérique ainsi que leur vécu. 606 $aHistory 606 $ahistoire 606 $aNoirs 606 $aAmérique latine 610 $ahistoire 610 $aNoirs 610 $aAmérique latine 615 4$aHistory 615 4$ahistoire 615 4$aNoirs 615 4$aAmérique latine 700 $aLavou Zoungbo$b Victorien$01285078 801 0$bFR-FrMaCLE 906 $aBOOK 912 $a9910496011803321 996 $aDu « Migrant nu » au citoyen différé$93039883 997 $aUNINA